00383nam a2200133Ia 4500008004000000020001800040082001300058100002000071245007900091250000500170260003400175300001100209650002900220210210b1998 xxu||||| |||| 00| 0 eng d a81 7446 147 7 a658 BARE aBARAT (Nikhil). aEmerging issues in management a collection of selected case studies. Ed 1. a aNew Delhi.bExcel Booksc1998 avi,232 aCase Studies Companies